| 000 | 00606nam a22002057a 4500 | ||
|---|---|---|---|
| 999 |
_c4288 _d4288 |
||
| 003 | AR-CdUCM | ||
| 008 | 190308b ||||| |||| 00| 0 spa d | ||
| 040 |
_aMUNICIPALIDAD PROVINCIAL DEL CUSCO _cBIBLIOTECA MUNICIPAL DEL CUSCO |
||
| 082 |
_a869.56 / _bC68 |
||
| 100 |
_aColchado Lucio, Óscar _913556 |
||
| 245 | _aRosa Cuchillo / | ||
| 260 |
_aLima : _bEdit.San Marcos _c1997. |
||
| 300 |
_a284 paginas ; _c21 cm. |
||
| 505 | _aContenido :Novela / | ||
| 650 |
_aNovelas peruanas _9545 |
||
| 650 |
_aTerrorismo en la literatura _913557 |
||
| 650 |
_aSiglo XX _98 |
||
| 942 |
_2ddc _cLIBROS |
||
| 945 | _arjall | ||